Transpozícia smernice Európskeho parlamentu a Rady 2004/48/ES z 29. apríla 2004 o vymožiteľmosti práv duševného vlastníctva do civilného procesu

Bibliographic Details
Main Author: Benčatová, Viera (Author)
Format: Article
Language:Slovak
ISSN:1335-6461
Subjects:

MARC

LEADER 00000nab a2200000 a 4500
001 vtls010027802
003 SK-MaSNL
005 20260304155103.0
008 250507c2009 xo br|p|||||||000 b|slo
015 |a SNBRB2009/11  |2 snkbucl 
035 |a (uuid)2013e9f9-3d56-406e-932e-9e2e197e1854 
035 |a urn:nbn:sk:snk-ab1597 
035 |a (urnnbn)urn:nbn:sk:snk:ar-003k6h 
038 |a SNKBUCL 
040 |a SNKBUCL  |b slo  |c SNKBUCL  |e AACR2 
041 0 |a slo  |b eng 
044 |a xo  |c SK 
080 |a 347.77/.78  |2 2001 
100 1 |a Benčatová, Viera  |4 aut  |9 786660 
245 1 0 |a Transpozícia smernice Európskeho parlamentu a Rady 2004/48/ES z 29. apríla 2004 o vymožiteľmosti práv duševného vlastníctva do civilného procesu  |c Viera Bančatová 
504 |a Bibliogr. odkazy 
546 |a Res. angl. 
650 0 7 |a právo duševného vlastníctva  |2 snkbucl  |9 4270 
650 0 7 |a vymáhateľnosť práva  |2 snkbucl  |9 86504 
655 7 |a štúdie  |2 snkbucl  |9 57033 
773 0 |t Justičná revue  |g Roč. 61, č. 6-7 (2009), s. 908-913  |x 1335-6461 
850 |a Slovenská národná knižnica 
852 |a Slovenská národná knižnica 
954 |a odborná, vedecká literatúra pôvodná (slovenská)  |2 lita 
958 |a article27 
958 |a OND 
958 |a SK 
958 |a NB 
958 |a EUIPO 
999 |c 2960683  |d 2962613